| 000 | 01395 a2200241 4500 | ||
|---|---|---|---|
| 003 | Nust | ||
| 005 | 20230213122806.0 | ||
| 010 | _a 82014521 | ||
| 020 | _a039301634X (v. 1) | ||
| 020 | _a0393025500 (v. 2) | ||
| 020 | _a0393038416 (v. 3) | ||
| 040 | _cNust | ||
| 082 | 0 | 0 | _a973.9160924,NAS |
| 100 | 1 |
_aNash, George H., _9109000 |
|
| 245 | 1 | 4 |
_aThe life of Herbert Hoover / _cby George H. Nash. |
| 250 | _a1st ed. | ||
| 260 |
_aNew York : _bW.W. Norton, _cc1983-<c1996 > |
||
| 300 |
_av. <1-3 > : _bill. ; _c24 cm. |
||
| 505 | 1 | _aAn Lowa Boyhood (Page-1), Oregon Years (Page-13), Stanford University (Page-26), A California Apprenticeship (Page-42), Australia (Page-52), The Sons of Gawalia (Page-71), China The First Year (Page-96), The Kaiping Mines Are Acquired (Page-125), A Mine Manager in China (Page-160), The Celestial Empire Strikes Back (Page-182), Chang Yen-mao v Moreing (Page-204), A Partner in Bewick Moreing (Page-223), The Case of a Stanley Rowe (Page-245), Failures and Frustrations (Page-302), Troubles (Page-319), The Zinc Corporation (Page-348), Getting out of Bewick Moreing (Page-371,) Burma (Page-412), Russia (Page-426), The Oilman (Page-447), The Professional (Page-475), The Lobbyist (Page-541), A Man of Force (Page-560). | |
| 600 | 1 | 0 |
_aHoover, Herbert, _d1874-1964. _9109001 |
| 650 | 0 |
_aPresidents _zUnited States _xBiography. _950572 |
|
| 942 |
_2ddc _cBK |
||
| 999 |
_c187592 _d187592 |
||